Zones of Siggiewi - Statistics

General Stats
  • This quiz has been taken 3 times
  • The average score is 8 of 33
Answer Stats
Answer % Correct
Girgenti
100%
Ta'Kircippu
100%
Tal Providenza
100%
Buskett
50%
Ghar Lapsi
50%
Hesri
50%
Ta'Brija
50%
Ta'Fuq il Blat
50%
Ta'Kandja
50%
Tal Gholja
50%
Ta'Zagi
50%
Ta'Zuta
50%
Wied il Luq
50%
Bur Ix Xewk
0%
Fawwara
0%
Ghajn il Kbira
0%
Ghar il Kbir
0%
Ghar Mundu
0%
Hal Farrug
0%
Qajjied
0%
Rdum Dikkiena
0%
Salib tal Gholja
0%
Ta'Dun Konz
0%
Ta'Fonzu
0%
Tal Ghaqba
0%
Tal Imwiegel
0%
Ta'Nghajsa
0%
Ta'Raba'
0%
Vina I Kbira
0%
Wied il Girgenti
0%
Wied il Hesri
0%
Wied San Anton
0%
Wied Xkora
0%
No matching quizzes found
Score Distribution
Percent of People with Each Score
Percentile by Number Answered
Your Score History
You have not taken this quiz